Postavenie a podpora malých, mladých a rodinných farmárov na Slovensku

Súčasný stav rozvoja rodinných fariem a podnikania mladých a malých farmárov v SR. Podporné mechanizmy pre malých, mladých a rodinných farmárov.

Saved in:
Bibliographic Details
Main Author: Marečková, Zuzana
Format: Book Chapter
Language:Slovak
Subjects:
Tags: Add Tag
No Tags, Be the first to tag this record!

MARC

LEADER 00000naa$a2200000$$$4500
001 0195613
005 20240502073301.6
041 0 |a slo 
044 |a SK 
245 1 0 |a Postavenie a podpora malých, mladých a rodinných farmárov na Slovensku  |c Zuzana Marečková 
520 |a Súčasný stav rozvoja rodinných fariem a podnikania mladých a malých farmárov v SR. Podporné mechanizmy pre malých, mladých a rodinných farmárov. 
610 2 0 |a farmy 
610 2 0 |a farmy rodinné 
610 2 0 |a podnikanie 
610 2 0 |a poľnohospodárstvo ekologické 
610 2 0 |a predaj z dvora 
610 2 0 |a zdroje finančné 
610 2 0 |a financovanie 
610 2 0 |a zamestnanosť 
610 2 0 |a Slovensko 
100 1 |a Marečková, Zuzana